000 00956nam a2200241 i 4500
001 15416
003 ES-MaACL
005 20230906151052.0
007 t|
008 000307s1999 sp |||| | spa d
020 _a84-451-1671-1
080 _a364.65-053.2(460.27)
245 0 0 _aProyecto único de intervención
_b: normalización y territorialización en la atención residencial a la infancia /
_c[Miguel Melandro Estefanía, ed. lit.].
260 _aMadrid :
_bConsejería de Sanidad y Sevicios Sociales,
_c[1999]
300 _a70 p. ;
_c30 cm.
490 1 _aCuadernos técnicos de servicios sociales ;
_v6
650 1 4 _aNiños-
_xAsistencia institucional.
_9167009
700 1 _aMelendro Estefanía, Miguel.
_979937
710 1 _aMadrid (Comunidad Autónoma).
_bConsejería de Sanidad y Servicios Sociales.
_95608
830 0 _aCuadernos técnicos de servicios sociales ;
_v6
_9179774
852 _aES-MaACL
_jL-22461
999 _c15416
_d15416